| 000 | 00751nam a2200217Ii 4500 | ||
|---|---|---|---|
| 003 | JO-AjNU | ||
| 008 | 230605s9999||||xx |||||||||||||| ||und|| | ||
| 017 | _a2018/5/2580 | ||
| 040 |
_aJO-AjNU _bara _erda _cJO-AjNU |
||
| 041 | _aara | ||
| 050 | 1 | 4 | _aB741.D412 2018 |
| 100 | 3 |
_aتاليف دي بور، ت.ج., _eauthor _958447 |
|
| 245 | 0 | 0 | _aتاريخ الفلسفة في الاسلام |
| 264 | 3 | 1 | _aعمان: وزارة الثقافة، 2018 |
| 300 | _a413ص | ||
| 336 |
_atext _btxt _2rdacontent |
||
| 337 |
_aunmediated _bn _2rdamedia |
||
| 338 |
_avolume _bnc _2rdacarrier |
||
| 490 | 0 | _aمكتبة الاسرة الاردنية/ مهرجان القراءة للجميع، 2018 | |
| 650 | 4 |
_aفلسفة اسلامية -تاريخ _958448 |
|
| 999 |
_aA26247 _c29815 _d29815 |
||